| 000 | 00924nam2a2200253 4500 | ||
|---|---|---|---|
| 001 | RU\NLR\bibl\1525472 | ||
| 005 | 20250616032322.0 | ||
| 021 |
_aRU _b2010-36948 _92473 |
||
| 035 | _a(NLR Aleph) 001516819 | ||
| 090 |
_a115256 _c115256 |
||
| 100 | _a20100621d2009 |||y0rusy50 ca | ||
| 101 | 0 |
_arus _eeng |
|
| 102 | _aRU | ||
| 105 | _aa ||||||||| | ||
| 200 | 0 | _aЧ. 1 | |
| 210 |
_d2009 _aБ. м. |
||
| 215 |
_a53, [1] с. _cил. |
||
| 320 | _aБиблиогр. в конце гл. | ||
| 461 | 0 |
_1001RU\NLR\bibl\1527561 _12001#$aАктуальные проблемы физики$vЧ. 1 _9127806 _aШибков, А. А. _cТамбов _d2010 _fА.А. Шибков _lActual problems of physics _nИзд-во ТГУ _oучебное пособие : в 4 ч. _tАктуальные проблемы физики _vЧ. 1 |
|
| 801 | 0 |
_aRU _bNLR _c20100621 _gRCR |
|
| 801 | 1 |
_aRU _bNLR _c20100621 |
|
| 942 | _cBOOK | ||
| 980 | _aNB | ||